| 000 | 00981nam a2200265 i 4500 | ||
|---|---|---|---|
| 001 | 187619 | ||
| 003 | SpMaBN | ||
| 005 | 20251120063153.0 | ||
| 008 | 180828s2015 sp |||| | spa d | ||
| 020 | _a978-84-9946-262-2 | ||
| 080 | _a811.411.11'36 | ||
| 100 | 1 |
_aMartínez Cantalapiedra, José María, _d1944- _9165360 |
|
| 245 | 1 | 0 |
_aGramática de la lengua acadia _b: escritura cuneiforme / _cJosé María Martínez Cantalapiedra. |
| 250 | _a1ª ed. | ||
| 260 |
_aMadrid : _bEdición Personal, _c2015. |
||
| 300 |
_a285 p. ; _c30 cm. |
||
| 504 | _aBibliografía: p. 285. | ||
| 546 | _aTexto en español y acadio. | ||
| 650 | 7 |
_aLengua acadia- _xGramática. _9165361 |
|
| 852 |
_aES-MaACL _jA-14213 _9194705 _bR.151529 _cDEPO1 _dOlim: N-7213 _hDonación: José María Martínez Cantalapiedra |
||
| 903 |
_aMartínez Cantalapiedra, José María, _d1944- _ednr _9165360 |
||
| 942 |
_2udc _cMONOGRAFIA |
||
| 999 |
_c187619 _d187619 |
||